Conserving India's natural heritage / (Record no. 128157)

MARC details
000 -LEADER
fixed length control field 00626nam a22002177a 4500
005 - DATE AND TIME OF LATEST TRANSACTION
control field 20170124110035.0
010 ## - LIBRARY OF CONGRESS CONTROL NUMBER
LC control number A-298456
020 ## - INTERNATIONAL STANDARD BOOK NUMBER
Terms of availability 00.00
International Standard Book Number 8185019037
035 ## - SYSTEM CONTROL NUMBER
System control number A-298456
037 ## - SOURCE OF ACQUISITION
Source of stock number/acquisition Cen Lib/Ret
040 ## - CATALOGING SOURCE
Original cataloging agency DPL
Language of cataloging EN
082 ## - DEWEY DECIMAL CLASSIFICATION NUMBER
Classification number 333.720954
Item number SAM
100 ## - MAIN ENTRY--PERSONAL NAME
Personal name Samar Singh
9 (RLIN) 17179
245 ## - TITLE STATEMENT
Title Conserving India's natural heritage /
Statement of responsibility, etc by Samar Singh
260 ## - PUBLICATION, DISTRIBUTION, ETC. (IMPRINT)
Place of publication, distribution, etc Dehradun
Name of publisher, distributor, etc Natraj Publishers
Date of publication, distribution, etc 1986
270 ## - ADDRESS
Address
300 ## - PHYSICAL DESCRIPTION
Extent 219p. :
Dimensions 22cm(Hb)
Other physical details ill.
650 ## - SUBJECT ADDED ENTRY--TOPICAL TERM
Topical term or geographic name as entry element Nature conservation
9 (RLIN) 13480
650 ## - SUBJECT ADDED ENTRY--TOPICAL TERM
Topical term or geographic name as entry element Nature conservation--Planning
9 (RLIN) 22555
942 ## - ADDED ENTRY ELEMENTS (KOHA)
Source of classification or shelving scheme Dewey Decimal Classification
Koha item type English Books
Classification part 333.720954
Call number suffix SAM
Holdings
Withdrawn status Lost status Damaged status Not for loan Home library Current library Date acquired Source of acquisition Cost, normal purchase price Total Checkouts Full call number Barcode Date last seen Copy number Cost, replacement price Price effective from Koha item type Public note
Written off       Central Library Central Library 01/07/2015 Cen Lib/Ret 0.00   333.720954 SAM A-298456 01/07/2015 1 0.00 01/07/2015 English Books Written off on approval by DLB (By Circulation); dtd 15-06-2023

© Delhi Public Library
Hit Counter
free hit counter